[Event "PMPJ 2022 - C15"]
[Site "Jastrzebia Gora"]
[Date "2022.11.12"]
[Round "4.24"]
[White "Magrel, Wiktor"]
[Black "Skrzypinski, Jan"]
[Result "0-1"]
[BlackElo "1490"]
[WhiteElo "1170"]
[LiveChessVersion "1.4.4"]

1. e4 {[%clk 1:30:59]} c5 {[%clk 1:30:55]} 2. Nf3 {[%clk 1:31:24]} a6
{[%clk 1:31:22]} 3. c4 {[%clk 1:31:49]} Nc6 {[%clk 1:31:49]} 4. Nc3
{[%clk 1:32:07]} e6 {[%clk 1:30:25]} 5. d3 {[%clk 1:30:12]} d6 {[%clk 1:23:08]}
6. Be3 {[%clk 1:29:32]} Be7 {[%clk 1:21:59]} 7. g3 {[%clk 1:29:03]} Nf6
{[%clk 1:19:07]} 8. Bg2 {[%clk 1:23:54]} d5 {[%clk 1:13:52]} 9. cxd5
{[%clk 1:21:19]} exd5 {[%clk 1:14:12]} 10. exd5 {[%clk 1:12:42]} Nb4
{[%clk 1:06:19]} 11. Qe2 {[%clk 0:53:13]} Bf5 {[%clk 1:02:30]} 12. Rd1
{[%clk 0:51:41]} O-O {[%clk 1:02:23]} 13. Nh4 {[%clk 0:47:39]} Bg4
{[%clk 1:02:04]} 14. f3 {[%clk 0:46:34]} Bh5 {[%clk 1:02:49]} 15. O-O
{[%clk 0:41:19]} Nfxd5 {[%clk 1:02:06]} 16. Nf5 {[%clk 0:39:00]} Bg6
{[%clk 1:00:50]} 17. Nxe7+ {[%clk 0:39:02]} Qxe7 {[%clk 1:01:02]} 18. Nxd5
{[%clk 0:37:42]} Nxd5 {[%clk 1:01:31]} 19. Rfe1 {[%clk 0:37:28]} Rfe8
{[%clk 1:00:58]} 20. Kf2 {[%clk 0:35:20]} Qf6 {[%clk 0:55:20]} 21. Qd2
{[%clk 0:33:56]} Nxe3 {[%clk 0:55:22]} 22. Rxe3 {[%clk 0:34:03]} Qd4
{[%clk 0:54:50]} 23. Rde1 {[%clk 0:33:03]} c4 {[%clk 0:54:41]} 24. Qc3
{[%clk 0:28:52]} Qb6 {[%clk 0:50:29]} 25. dxc4 {[%clk 0:28:06]} Rxe3
{[%clk 0:49:00]} 26. Rxe3 {[%clk 0:26:18]} h6 {[%clk 0:47:51]} 27. f4
{[%clk 0:24:24]} Rc8 {[%clk 0:46:00]} 28. Kf1 {[%clk 0:20:48]} Kh7
{[%clk 0:46:37]} 29. Bd5 {[%clk 0:17:56]} Qc7 {[%clk 0:43:42]} 30. Qb4
{[%clk 0:16:12]} b5 {[%clk 0:43:29]} 31. b3 {[%clk 0:15:42]} Qb6 {[%clk 0:43:09]}
32. Re7 {[%clk 0:13:15]} Qf6 {[%clk 0:42:54]} 33. Re5 {[%clk 0:13:05]} bxc4
{[%clk 0:42:00]} 34. Bxc4 {[%clk 0:13:09]} Qc6 {[%clk 0:41:37]} 35. Rd5
{[%clk 0:11:10]} Qf6 {[%clk 0:36:16]} 36. Qd2 {[%clk 0:11:09]} Qa1+
{[%clk 0:35:42]} 37. Kf2 {[%clk 0:11:29]} Qh1 {[%clk 0:36:05]} 38. Ke3
{[%clk 0:10:49]} Qe4+ {[%clk 0:34:24]} 39. Kf2 {[%clk 0:11:13]} Re8
{[%clk 0:34:14]} 40. Bxa6 {[%clk 0:09:10]} Qh1 {[%clk 0:34:30]} 41. Bf1
{[%clk 0:08:57]} Qxh2+ {[%clk 0:34:46]} 42. Bg2 {[%clk 0:09:11]} Be4
{[%clk 0:35:10]} 43. Kf1 {[%clk 0:07:51]} Bxg2+ {[%clk 0:35:36]} 44. Qxg2
{[%clk 0:06:03]} Re1+ {[%clk 0:36:02]} 0-1

[Event "PMPJ 2022 - C15"]
[Site "Jastrzebia Gora"]
[Date "2022.11.12"]
[Round "4.25"]
[White "Matysik, Mateusz"]
[Black "Grabowski, Wojciech"]
[Result "0-1"]
[BlackElo "1448"]
[WhiteElo "1095"]
[LiveChessVersion "1.4.4"]

1. e4 {[%clk 1:30:59]} d6 {[%clk 1:30:49]} 2. Nc3 {[%clk 1:31:23]} Nf6
{[%clk 1:31:13]} 3. f4 {[%clk 1:31:48]} e5 {[%clk 1:31:10]} 4. Nf3
{[%clk 1:31:50]} Nc6 {[%clk 1:30:42]} 5. Be2 {[%clk 1:21:21]} a6 {[%clk 1:25:08]}
6. d4 {[%clk 1:17:33]} exd4 {[%clk 1:13:10]} 7. Nxd4 {[%clk 1:17:51]} Nxd4
{[%clk 1:11:40]} 8. Qxd4 {[%clk 1:18:19]} Be7 {[%clk 1:09:11]} 9. O-O
{[%clk 1:09:15]} O-O {[%clk 1:08:16]} 10. b3 {[%clk 1:01:00]} b6 {[%clk 1:07:13]}
11. Bb2 {[%clk 0:58:57]} d5 {[%clk 1:05:06]} 12. Qd3 {[%clk 0:43:16]} dxe4
{[%clk 1:02:39]} 13. Qg3 {[%clk 0:43:28]} g6 {[%clk 0:46:54]} 14. Rad1
{[%clk 0:38:59]} Bc5+ {[%clk 0:38:35]} 15. Kh1 {[%clk 0:38:55]} Qe7
{[%clk 0:38:47]} 16. Qg5 {[%clk 0:33:28]} Ne8 {[%clk 0:33:31]} 17. Qh6
{[%clk 0:23:47]} f5 {[%clk 0:28:26]} 18. Nd5 {[%clk 0:22:31]} Qf7
{[%clk 0:28:36]} 19. Qg5 {[%clk 0:14:09]} Be6 {[%clk 0:27:46]} 20. c4
{[%clk 0:11:46]} c6 {[%clk 0:26:47]} 21. Nc3 {[%clk 0:11:25]} Be7
{[%clk 0:25:04]} 22. Qg3 {[%clk 0:10:34]} b5 {[%clk 0:18:54]} 23. cxb5
{[%clk 0:09:32]} axb5 {[%clk 0:19:17]} 24. Ra1 {[%clk 0:08:35]} Bf6
{[%clk 0:18:41]} 25. Rfc1 {[%clk 0:08:15]} Qg7 {[%clk 0:15:55]} 26. Rc2
{[%clk 0:07:03]} Nc7 {[%clk 0:10:33]} 27. Nd1 {[%clk 0:06:37]} Bd5
{[%clk 0:09:59]} 28. Bxf6 {[%clk 0:05:37]} Qxf6 {[%clk 0:10:16]} 29. Rac1
{[%clk 0:05:51]} Ne6 {[%clk 0:08:35]} 30. Ne3 {[%clk 0:04:23]} Nd4
{[%clk 0:08:19]} 31. Nxd5 {[%clk 0:04:05]} cxd5 {[%clk 0:08:45]} 32. Rd2
{[%clk 0:03:43]} Nxe2 {[%clk 0:09:08]} 33. Rxe2 {[%clk 0:04:12]} d4
{[%clk 0:09:18]} 34. Rec2 {[%clk 0:04:41]} d3 {[%clk 0:09:18]} 35. Rd2 Rfc8
{[%clk 0:09:30]} 36. Rxc8+ {[%clk 0:02:35]} Rxc8 {[%clk 0:09:56]} 37. h3
{[%clk 0:02:54]} Rc1+ {[%clk 0:09:56]} 38. Kh2 {[%clk 0:03:13]} Qd4
{[%clk 0:10:02]} 39. Qg5 {[%clk 0:02:31]} e3 {[%clk 0:09:09]} 40. Qe7
{[%clk 0:01:58]} Qxf4+ {[%clk 0:06:17]} 41. g3 {[%clk 0:02:27]} Qe4
{[%clk 0:05:57]} 42. Qd8+ {[%clk 0:01:28]} Kg7 {[%clk 0:06:10]} 43. Qd7+
{[%clk 0:01:46]} Kh6 {[%clk 0:06:24]} 44. Rg2 {[%clk 0:01:50]} Rc2
{[%clk 0:06:23]} 45. Rxc2 {[%clk 0:01:29]} dxc2 {[%clk 0:06:46]} 46. Qc8
{[%clk 0:01:25]} e2 {[%clk 0:04:32]} 47. Qf8+ {[%clk 0:01:25]} Kh5
{[%clk 0:04:20]} 48. g4+ {[%clk 0:00:37]} fxg4 {[%clk 0:04:33]} 49. Qc5+
{[%clk 0:00:40]} Qf5 {[%clk 0:04:31]} 50. hxg4+ {[%clk 0:01:01]} Kxg4
{[%clk 0:04:55]} 51. Qg1+ {[%clk 0:00:46]} Kh5 {[%clk 0:05:11]} 52. Qh1
{[%clk 0:00:32]} Qf2+ {[%clk 0:05:22]} 0-1

[Event "PMPJ 2022 - C15"]
[Site "Jastrzebia Gora"]
[Date "2022.11.12"]
[Round "4.26"]
[White "Bajer, Tomasz"]
[Black "Klyus, Ivan"]
[Result "1-0"]
[BlackElo "1196"]
[WhiteElo "1409"]
[LiveChessVersion "1.4.4"]

1. Nf3 d5 2. c4 e6 3. g3 Nf6 4. Bg2 Be7 5. O-O O-O 6. d3 b6 7. Nbd2 Bb7 8. a3 c5
9. Rb1 Nbd7 10. b4 a6 11. d4 dxc4 12. Nxc4 Be4 13. Ra1 cxb4 14. axb4 Bxb4 15. Qb3
Be7 16. Bf4 b5 17. Ncd2 Bd5 18. Qb1 Qb6 19. e4 Bb7 20. h3 Bc6 21. Be3 Qb7 22. Rc1
Nxe4 23. Rxc6 Qxc6 24. Nxe4 Qc7 25. Bf4 Qb6 26. Nfg5 {[%clk 0:17:36]} Qxd4
{[%clk 0:00:55]} 27. Be3 {[%clk 0:16:26]} Qe5 28. Nc5 Nf6 29. Nd7 Qf5 30. Bxa8
Nxd7 31. Qxf5 exf5 32. Rxa6 Nc5 33. Bxc5 Bxc5 34. Bd5 b4 35. Nxf7 Rb8 36. Ne5+
Kh8 {[%clk 0:00:54]} 37. Nd7 {[%clk 0:03:03]} 1-0

[Event "PMPJ 2022 - C15"]
[Site "Jastrzebia Gora"]
[Date "2022.11.12"]
[Round "4.29"]
[White "Garwacki, Kornel"]
[Black "Paluszek, Jan"]
[Result "1-0"]
[BlackElo "1348"]
[WhiteElo "1613"]
[LiveChessVersion "1.4.4"]

1. e4 e6 2. b3 d5 3. Bb2 Nc6 4. Qe2 dxe4 5. Nc3 Nd4 6. Qd1 Nf6 7. d3 exd3 8. Bxd3
Bb4 9. a3 Be7 10. Nf3 Nxf3+ 11. Qxf3 c6 12. O-O O-O 13. Rad1 Qc7 14. Rfe1 e5 15.
Ne4 Nd7 16. Ng3 g6 17. Qe3 Bf6 18. Ne4 Bg7 19. h4 Nb6 20. h5 Nd5 21. Qg3 Bf5 22.
Nc5 Bxd3 23. Nxd3 Nf4 24. hxg6 hxg6 25. Bxe5 Bxe5 26. Nxe5 Nd5 27. c4 Nf6 28. Qg5
Kg7 29. Re3 Rad8 30. Rde1 Rh8 31. Rf3 Rd6 32. Qf4 Re6 33. Rfe3 Qe7 34. g4 Rh4 35.
Nxg6 Kxg6 36. Qf5+ Kh6 37. Rxe6 fxe6 38. Rxe6 Qxe6 39. g5+ Kh5 40. Qxe6 Kxg5 41.
Qe3+ Rf4 42. Qxa7 Kg4 43. Qxb7 Kf3 44. Qxc6+ Ne4 45. Qd5 Ke2 46. Qh5+ Rf3 47. Kg2
Nd2 48. c5 1-0

[Event "PMPJ 2022 - C15"]
[Site "Jastrzebia Gora"]
[Date "2022.11.12"]
[Round "4.30"]
[White "Pachura, Mateusz"]
[Black "Bartnik, Michal"]
[Result "0-1"]
[BlackElo "1480"]
[WhiteElo "1269"]
[LiveChessVersion "1.4.4"]

1. e4 e5 2. Nf3 Nc6 3. Bc4 Bc5 4. c3 Nf6 5. d3 O-O 6. O-O a5 7. a4 d5 8. exd5
Nxd5 9. Re1 Be6 10. Qb3 Bb6 11. Bg5 Qd6 12. Nbd2 f6 13. Bh4 Bf7 14. Ne4 Qd7 15.
Rad1 Rad8 16. Qc2 Qc8 17. Bb5 Bh5 18. Kh1 Nf4 19. Ned2 Qg4 20. Bg3 Bxf2 21. Ne4
Bxe1 22. Rxe1 Nxg2 23. Qxg2 Qxf3 24. Qxf3 Bxf3+ 25. Kg1 Bxe4 26. Rxe4 Ne7 27. d4
Ng6 28. d5 Rxd5 29. Bc4 Rfd8 30. h4 Kf8 31. Bxd5 Rxd5 32. b4 axb4 33. Rxb4 b6 34.
h5 Ne7 35. Bf2 f5 36. c4 Ra5 37. Kg2 Kf7 38. Kf3 Nc6 39. Rb2 Rxa4 40. c5 Rb4 41.
Ra2 Nd4+ 42. Kg3 bxc5 43. Ra7 Ne6 44. Bxc5 Nxc5 45. Rxc7+ Kf6 46. Rxc5 g6 47. h6
Rb3+ 48. Kg2 Kg5 49. Rxe5 Kxh6 50. Re7 g5 0-1

[Event "PMPJ 2022 - C15"]
[Site "Jastrzebia Gora"]
[Date "2022.11.12"]
[Round "4.31"]
[White "Zmuda, Tomasz"]
[Black "Szewczak, Filip"]
[Result "1/2-1/2"]
[BlackElo "1118"]
[WhiteElo "1373"]
[LiveChessVersion "1.4.4"]

1. e4 c5 2. Nf3 e6 3. d4 cxd4 4. Nxd4 Nf6 5. Nc3 Nc6 6. Be3 Bb4 7. f3 d5 8. Bb5
Bd7 9. Bxc6 Bxc6 10. e5 Nd7 11. f4 Qh4+ 12. g3 Bxc3+ 13. bxc3 Qh3 14. Qe2 O-O 15.
O-O-O Rfc8 16. Rhf1 a6 17. Kb2 Nc5 18. Nxc6 Rxc6 19. Bxc5 Rxc5 20. Rd3 Qh6 21. g4
g6 22. f5 Rb5+ 23. Ka1 Qf8 24. fxe6 Qa3 25. exf7+ Kf8 26. Rb1 Ra5 27. Rb2 Rb5 28.
Rb1 Ra5 29. Rb2 Rb5 30. Rb1 Ra5 1/2-1/2

[Event "PMPJ 2022 - C15"]
[Site "Jastrzebia Gora"]
[Date "2022.11.12"]
[Round "4.32"]
[White "Bialy, Borys"]
[Black "Dechnik, Marcel"]
[Result "1-0"]
[BlackElo "1238"]
[WhiteElo "1526"]
[LiveChessVersion "1.4.4"]

1. e4 e5 2. d4 exd4 3. c3 d5 4. exd5 Nf6 5. Bc4 Bc5 6. Nf3 Bg4 7. O-O O-O 8. cxd4
Bxf3 9. Qxf3 Bxd4 10. Rd1 Bc5 11. Bg5 Nbd7 12. Nc3 Ne5 13. Qf4 Nxc4 14. Qxc4 Qd6
15. Bxf6 gxf6 16. Ne4 Qf4 17. Qxc5 Qxe4 18. Qxc7 Rac8 19. Qg3+ Qg6 20. d6 Qxg3
21. hxg3 Rfd8 22. Rd2 Rd7 23. Rad1 Kg7 24. f4 f5 25. Kf2 Kf6 26. Kf3 h5 27. Rh1
Rh8 28. a4 Kg6 29. Rc1 Rhd8 30. Rcd1 Rc8 31. b4 Kf6 32. Rh1 Kg6 33. b5 Rc3+ 34.
Kf2 Rc4 35. a5 Rc5 36. Rb1 Kf6 37. a6 b6 38. Rbb2 Rc8 39. Rdc2 Rcd8 40. Rc7 Ke6
41. Re2+ Kd5 42. Re5+ Kxd6 43. Rc6# 1-0

[Event "PMPJ 2022 - C15"]
[Site "Jastrzebia Gora"]
[Date "2022.11.12"]
[Round "5.1"]
[White "Rodziewicz-bielewicz, Kuba"]
[Black "Wydmanski, Szymon"]
[Result "0-1"]
[BlackElo "1809"]
[WhiteElo "1274"]
[LiveChessVersion "1.4.4"]

1. e4 {[%clk 1:30:55]} c5 {[%clk 1:29:38]} 2. Nf3 {[%clk 1:31:15]} d6
{[%clk 1:30:00]} 3. Bb5+ {[%clk 1:31:35]} Nd7 {[%clk 1:30:12]} 4. O-O
{[%clk 1:31:32]} a6 {[%clk 1:29:23]} 5. Bxd7+ {[%clk 1:31:17]} Bxd7
{[%clk 1:29:48]} 6. d4 {[%clk 1:29:14]} cxd4 {[%clk 1:30:11]} 7. Qxd4
{[%clk 1:22:14]} e5 {[%clk 1:30:22]} 8. Qd1 {[%clk 1:22:17]} h6 {[%clk 1:30:22]}
9. Nc3 {[%clk 1:21:23]} Nf6 {[%clk 1:30:14]} 10. Re1 {[%clk 1:19:27]} b5
{[%clk 1:27:54]} 11. Nd5 {[%clk 1:17:27]} Nxd5 {[%clk 1:26:38]} 12. Qxd5
{[%clk 1:15:03]} Rc8 {[%clk 1:26:30]} 13. c3 {[%clk 1:14:00]} Qc7
{[%clk 1:18:10]} 14. Be3 {[%clk 1:09:18]} Be6 {[%clk 1:12:16]} 15. Qd1
{[%clk 1:08:24]} Be7 {[%clk 1:10:56]} 16. Nd2 {[%clk 1:07:20]} O-O
{[%clk 0:58:45]} 17. f4 {[%clk 1:03:23]} exf4 {[%clk 0:49:53]} 18. Bxf4
{[%clk 1:02:58]} Bf6 {[%clk 0:49:10]} 19. Nb3 {[%clk 1:00:30]} Be5
{[%clk 0:43:18]} 20. Qd2 {[%clk 0:54:07]} Rfd8 {[%clk 0:27:21]} 21. Nd4
{[%clk 0:49:37]} d5 {[%clk 0:26:29]} 22. Nxe6 {[%clk 0:45:03]} fxe6
{[%clk 0:26:48]} 23. Bxe5 {[%clk 0:44:29]} Qxe5 {[%clk 0:27:13]} 24. exd5
{[%clk 0:44:19]} Rxd5 {[%clk 0:26:17]} 25. Qe2 {[%clk 0:42:54]} Qxe2
{[%clk 0:25:04]} 26. Rxe2 {[%clk 0:43:19]} Rcd8 {[%clk 0:22:35]} 27. Rxe6
{[%clk 0:43:01]} Rd2 {[%clk 0:22:35]} 28. Rae1 {[%clk 0:26:46]} Rxb2
{[%clk 0:22:04]} 29. R1e2 {[%clk 0:26:48]} Rxe2 {[%clk 0:19:01]} 30. Rxe2
{[%clk 0:27:10]} Rd1+ {[%clk 0:18:46]} 31. Kf2 {[%clk 0:27:32]} Rc1
{[%clk 0:19:10]} 32. a4 {[%clk 0:24:25]} Rxc3 {[%clk 0:17:00]} 33. axb5
{[%clk 0:22:16]} axb5 34. Re7 {[%clk 0:20:18]} b4 {[%clk 0:16:38]} 35. Rb7
{[%clk 0:20:38]} b3 {[%clk 0:17:03]} 36. h3 {[%clk 0:18:56]} Kf8 {[%clk 0:15:44]}
37. Ke1 {[%clk 0:16:19]} h5 {[%clk 0:11:08]} 38. Kd2 {[%clk 0:14:28]} Rg3
{[%clk 0:10:17]} 39. Ke1 {[%clk 0:08:31]} h4 {[%clk 0:10:34]} 40. Rb4
{[%clk 0:08:27]} g5 {[%clk 0:10:55]} 41. Kf2 {[%clk 0:06:36]} Ke7
{[%clk 0:10:54]} 42. Rb8 {[%clk 0:06:48]} Kd6 {[%clk 0:10:22]} 43. Rb7
{[%clk 0:07:05]} Kc5 {[%clk 0:10:29]} 44. Rb8 {[%clk 0:07:26]} Kc4
{[%clk 0:10:45]} 45. Rc8+ {[%clk 0:07:22]} Kb4 {[%clk 0:11:09]} 46. Rb8+
{[%clk 0:07:33]} Kc3 {[%clk 0:11:07]} 47. Rc8+ {[%clk 0:07:51]} Kb2
{[%clk 0:11:28]} 48. Rb8 {[%clk 0:07:37]} Kc2 {[%clk 0:11:40]} 49. Rc8+
{[%clk 0:08:01]} Rc3 {[%clk 0:12:02]} 50. Re8 {[%clk 0:08:25]} b2
{[%clk 0:12:15]} 51. Kg1 {[%clk 0:08:01]} b1=Q+ {[%clk 0:12:23]} 52. Kh2
{[%clk 0:08:28]} Qb5 {[%clk 0:12:31]} 53. Re1 {[%clk 0:08:39]} Qb8+
{[%clk 0:12:41]} 54. Kh1 {[%clk 0:09:02]} Rd3 {[%clk 0:12:33]} 55. Re2+
{[%clk 0:09:22]} Rd2 {[%clk 0:12:57]} 0-1

[Event "PMPJ 2022 - C15"]
[Site "Jastrzebia Gora"]
[Date "2022.11.12"]
[Round "5.2"]
[White "Gbiorczyk, Mikolaj"]
[Black "Stepinski, Piotr"]
[Result "1/2-1/2"]
[BlackElo "1663"]
[WhiteElo "1824"]
[LiveChessVersion "1.4.4"]

1. e4 {[%clk 1:30:57]} c6 {[%clk 1:30:56]} 2. d4 {[%clk 1:30:32]} d5
{[%clk 1:31:24]} 3. f3 {[%clk 1:28:49]} dxe4 {[%clk 1:31:29]} 4. fxe4
{[%clk 1:28:58]} e5 {[%clk 1:31:58]} 5. Nf3 {[%clk 1:29:16]} Bg4 {[%clk 1:32:23]}
6. Bc4 {[%clk 1:27:21]} Nd7 {[%clk 1:31:52]} 7. O-O {[%clk 1:22:54]} Ngf6
{[%clk 1:32:01]} 8. c3 {[%clk 1:20:34]} Be7 {[%clk 1:28:32]} 9. Qb3
{[%clk 1:09:54]} O-O {[%clk 1:23:48]} 10. Nbd2 {[%clk 0:45:17]} Bxf3
{[%clk 1:09:29]} 11. Nxf3 {[%clk 0:41:27]} exd4 {[%clk 0:50:47]} 12. e5
{[%clk 0:37:13]} Nd5 {[%clk 0:51:01]} 13. Bxd5 {[%clk 0:35:44]} cxd5
{[%clk 0:51:27]} 14. cxd4 {[%clk 0:35:37]} Nb6 {[%clk 0:50:59]} 15. Bd2
{[%clk 0:32:58]} Qd7 {[%clk 0:50:59]} 16. Bb4 {[%clk 0:30:44]} Bxb4
{[%clk 0:50:49]} 17. Qxb4 {[%clk 0:31:11]} Rac8 {[%clk 0:51:05]} 18. Rac1
{[%clk 0:29:58]} Rc4 {[%clk 0:49:42]} 19. Rxc4 {[%clk 0:29:02]} dxc4
{[%clk 0:49:43]} 20. Rc1 {[%clk 0:24:42]} Rc8 {[%clk 0:49:42]} 21. h3
{[%clk 0:22:59]} Nd5 {[%clk 0:47:54]} 22. Qa5 {[%clk 0:22:08]} b6
{[%clk 0:40:32]} 23. Qd2 {[%clk 0:20:09]} h6 {[%clk 0:40:24]} 24. Kh1
{[%clk 0:17:03]} b5 {[%clk 0:39:13]} 25. a3 {[%clk 0:16:58]} Qf5 {[%clk 0:31:55]}
26. Rf1 {[%clk 0:13:54]} Qe4 {[%clk 0:27:58]} 27. Qf2 {[%clk 0:13:05]} Rc7
{[%clk 0:27:38]} 28. Nh4 {[%clk 0:11:56]} Qe3 {[%clk 0:26:47]} 29. Qf5
{[%clk 0:09:32]} Qd3 {[%clk 0:24:40]} 30. Qf2 {[%clk 0:04:03]} Qe3
{[%clk 0:24:13]} 31. Qf5 {[%clk 0:04:19]} Qd3 {[%clk 0:24:37]} 32. Qf2 Ne3 33.
Rc1 Rd7 34. Nf3 1/2-1/2

[Event "PMPJ 2022 - C15"]
[Site "Jastrzebia Gora"]
[Date "2022.11.12"]
[Round "5.3"]
[White "Szymkiewicz, Witold"]
[Black "Trzebinski, Patryk"]
[Result "1-0"]
[BlackElo "1800"]
[WhiteElo "1658"]
[LiveChessVersion "1.4.4"]

1. d4 {[%clk 1:30:58]} Nf6 {[%clk 1:30:53]} 2. c4 {[%clk 1:31:24]} g6
{[%clk 1:30:48]} 3. Nc3 {[%clk 1:31:23]} d5 {[%clk 1:31:06]} 4. Nf3
{[%clk 1:31:32]} Bg7 {[%clk 1:31:56]} 5. g3 {[%clk 1:29:09]} O-O {[%clk 1:30:37]}
6. Bg2 {[%clk 1:29:20]} dxc4 {[%clk 1:29:48]} 7. O-O {[%clk 1:28:40]} Be6
{[%clk 1:25:02]} 8. Ng5 {[%clk 1:20:19]} Bd5 {[%clk 1:06:59]} 9. e4
{[%clk 1:19:16]} Bc6 {[%clk 1:07:27]} 10. d5 {[%clk 1:19:05]} Be8
{[%clk 1:07:39]} 11. e5 {[%clk 1:18:34]} Nfd7 {[%clk 1:07:23]} 12. f4
{[%clk 1:04:58]} Nb6 {[%clk 1:02:55]} 13. b3 {[%clk 0:56:28]} c6 {[%clk 0:49:45]}
14. d6 {[%clk 0:44:36]} exd6 {[%clk 0:37:20]} 15. Ba3 {[%clk 0:44:35]} h6
{[%clk 0:22:50]} 16. Nge4 {[%clk 0:43:06]} d5 {[%clk 0:22:35]} 17. Bxf8
{[%clk 0:43:01]} Bxf8 {[%clk 0:22:56]} 18. Nf6+ {[%clk 0:41:38]} Kg7
{[%clk 0:23:19]} 19. f5 {[%clk 0:40:13]} N8d7 {[%clk 0:20:55]} 20. fxg6
{[%clk 0:39:57]} fxg6 {[%clk 0:18:50]} 21. Qf3 {[%clk 0:20:03]} Nxe5
{[%clk 0:16:43]} 22. Nh5+ {[%clk 0:19:12]} gxh5 {[%clk 0:16:03]} 23. Qxf8+
{[%clk 0:19:26]} Kh7 {[%clk 0:16:29]} 24. Rae1 {[%clk 0:14:56]} Nbd7
{[%clk 0:10:48]} 25. Qd6 {[%clk 0:14:49]} Qg5 {[%clk 0:10:26]} 26. Bh3
{[%clk 0:12:01]} Ng4 {[%clk 0:04:18]} 27. Re7+ {[%clk 0:10:01]} Kh8
{[%clk 0:04:41]} 28. Bxg4 {[%clk 0:09:53]} hxg4 {[%clk 0:05:04]} 29. bxc4
{[%clk 0:07:32]} dxc4 {[%clk 0:04:24]} 30. Ne4 {[%clk 0:06:12]} Qg6
{[%clk 0:03:50]} 31. Rxd7 {[%clk 0:04:40]} Qxd6 {[%clk 0:03:29]} 32. Rxd6
{[%clk 0:05:03]} Kg7 {[%clk 0:03:25]} 33. Nc5 {[%clk 0:04:52]} Rb8
{[%clk 0:01:51]} 34. Ne6+ {[%clk 0:05:05]} Kh7 {[%clk 0:02:00]} 35. Rd8
{[%clk 0:03:48]} Rxd8 {[%clk 0:02:29]} 36. Nxd8 {[%clk 0:04:04]} b5
{[%clk 0:02:56]} 37. Re1 {[%clk 0:04:20]} Bg6 {[%clk 0:02:52]} 38. Nxc6
{[%clk 0:04:34]} a6 {[%clk 0:03:17]} 39. Kf2 {[%clk 0:04:26]} Kg7
{[%clk 0:03:30]} 40. Ke3 {[%clk 0:04:30]} Kf6 {[%clk 0:03:17]} 41. Kf4
{[%clk 0:04:44]} h5 {[%clk 0:03:42]} 42. Nb4 {[%clk 0:04:49]} a5 {[%clk 0:04:03]}
43. Nc6 {[%clk 0:04:50]} a4 {[%clk 0:03:44]} 44. Nb4 {[%clk 0:04:09]} Bf7
{[%clk 0:01:25]} 45. a3 {[%clk 0:04:01]} Be6 {[%clk 0:01:23]} 46. Ke4
{[%clk 0:04:06]} Kg5 {[%clk 0:01:36]} 47. Kd4 {[%clk 0:04:21]} Bf5
{[%clk 0:01:46]} 48. Re5 {[%clk 0:04:43]} 1-0

[Event "PMPJ 2022 - C15"]
[Site "Jastrzebia Gora"]
[Date "2022.11.12"]
[Round "5.4"]
[White "Jaworski, Tymon"]
[Black "Latacz, Grzegorz"]
[Result "1-0"]
[BlackElo "1645"]
[WhiteElo "1791"]
[LiveChessVersion "1.4.4"]

1. d4 {[%clk 1:30:58]} Nf6 {[%clk 1:30:56]} 2. Nf3 {[%clk 1:31:20]} e6
{[%clk 1:31:05]} 3. Bf4 {[%clk 1:31:23]} c5 {[%clk 1:31:28]} 4. e3
{[%clk 1:30:32]} d5 {[%clk 1:30:27]} 5. c3 {[%clk 1:29:31]} Nc6 {[%clk 1:30:05]}
6. Nbd2 {[%clk 1:28:04]} Bd6 {[%clk 1:25:13]} 7. Bg3 {[%clk 1:28:04]} Qe7
{[%clk 1:24:14]} 8. Ne5 {[%clk 1:24:56]} O-O {[%clk 1:18:01]} 9. f4
{[%clk 1:21:08]} Ne4 {[%clk 1:09:53]} 10. Nxe4 {[%clk 1:17:14]} dxe4
{[%clk 1:10:16]} 11. Be2 {[%clk 1:17:16]} cxd4 {[%clk 1:04:23]} 12. cxd4
{[%clk 1:12:53]} Nxe5 {[%clk 0:58:20]} 13. dxe5 {[%clk 1:12:59]} Bb4+
{[%clk 0:57:48]} 14. Kf2 {[%clk 1:12:56]} f6 {[%clk 0:39:48]} 15. exf6
{[%clk 1:09:58]} Qxf6 {[%clk 0:39:23]} 16. Qb3 {[%clk 1:07:33]} Be7
{[%clk 0:34:54]} 17. Rhf1 {[%clk 1:05:47]} Kh8 {[%clk 0:33:38]} 18. Kg1
{[%clk 1:05:26]} a6 {[%clk 0:31:34]} 19. a4 {[%clk 1:02:17]} Rd8 {[%clk 0:26:45]}
20. Rfd1 {[%clk 0:59:10]} Bc5 {[%clk 0:21:57]} 21. Rxd8+ {[%clk 0:47:04]} Qxd8
{[%clk 0:22:25]} 22. Rd1 {[%clk 0:47:01]} Qe8 {[%clk 0:16:43]} 23. Qc3
{[%clk 0:41:32]} Bb6 {[%clk 0:15:48]} 24. a5 {[%clk 0:35:01]} Bd8
{[%clk 0:16:02]} 25. Bh5 {[%clk 0:24:01]} Qe7 {[%clk 0:15:18]} 26. Qb4
{[%clk 0:19:19]} h6 {[%clk 0:15:06]} 27. Bg6 {[%clk 0:17:32]} Kg8
{[%clk 0:15:07]} 28. Qa4 {[%clk 0:14:31]} b5 {[%clk 0:13:55]} 29. axb6
{[%clk 0:13:08]} Bxb6 {[%clk 0:13:57]} 30. Bh4 {[%clk 0:11:54]} Qf8
{[%clk 0:09:12]} 31. Qxe4 {[%clk 0:08:50]} Rb8 {[%clk 0:09:39]} 32. b4
{[%clk 0:07:21]} a5 {[%clk 0:08:50]} 33. bxa5 {[%clk 0:06:06]} Bxa5
{[%clk 0:08:56]} 34. Qe5 {[%clk 0:05:52]} Ra8 {[%clk 0:09:13]} 35. Ra1
{[%clk 0:03:44]} Bc7 {[%clk 0:07:56]} 36. Rxa8 {[%clk 0:03:57]} Bxe5
{[%clk 0:07:48]} 37. Be7 {[%clk 0:04:18]} Qxe7 {[%clk 0:06:30]} 38. Rxc8+
{[%clk 0:04:42]} Qe8 {[%clk 0:06:59]} 39. Rxe8# {[%clk 0:05:05]} 1-0

[Event "PMPJ 2022 - C15"]
[Site "Jastrzebia Gora"]
[Date "2022.11.12"]
[Round "5.5"]
[White "Lonski, Aleksander"]
[Black "Rylski, Tadeusz"]
[Result "0-1"]
[BlackElo "1741"]
[WhiteElo "1656"]
[LiveChessVersion "1.4.4"]

1. e4 {[%clk 1:30:58]} c5 {[%clk 1:30:27]} 2. c4 {[%clk 1:31:10]} Nc6
{[%clk 1:30:42]} 3. Ne2 {[%clk 1:31:32]} Nf6 {[%clk 1:31:06]} 4. Nbc3
{[%clk 1:31:51]} e6 {[%clk 1:31:12]} 5. d4 {[%clk 1:30:42]} cxd4 {[%clk 1:30:41]}
6. Nxd4 {[%clk 1:30:59]} Bb4 {[%clk 1:30:51]} 7. Nxc6 {[%clk 1:31:18]} bxc6
{[%clk 1:31:09]} 8. Bd3 {[%clk 1:31:23]} e5 {[%clk 1:31:15]} 9. Bd2
{[%clk 1:28:10]} O-O {[%clk 1:25:50]} 10. O-O {[%clk 1:28:06]} d6
{[%clk 1:20:41]} 11. Rb1 {[%clk 1:20:44]} a5 {[%clk 1:13:44]} 12. a3
{[%clk 1:13:41]} Bc5 {[%clk 1:13:37]} 13. h3 {[%clk 1:13:32]} Be6
{[%clk 1:07:40]} 14. b4 {[%clk 0:57:25]} axb4 {[%clk 1:07:48]} 15. axb4
{[%clk 0:57:47]} Bd4 {[%clk 1:02:05]} 16. Ne2 {[%clk 0:48:29]} Bb6
{[%clk 0:58:03]} 17. Bc3 {[%clk 0:44:27]} Nd7 {[%clk 0:48:36]} 18. Qc2
{[%clk 0:39:49]} Qg5 {[%clk 0:44:21]} 19. Kh2 {[%clk 0:36:44]} Nf6
{[%clk 0:25:22]} 20. Ng3 {[%clk 0:22:18]} Ra7 {[%clk 0:15:32]} 21. Ra1
{[%clk 0:19:39]} Rxa1 {[%clk 0:15:31]} 22. Rxa1 {[%clk 0:20:01]} Qh4
{[%clk 0:14:33]} 23. Be1 {[%clk 0:13:44]} Bd4 {[%clk 0:08:41]} 24. Ra2
{[%clk 0:10:44]} d5 {[%clk 0:07:01]} 25. cxd5 {[%clk 0:08:27]} cxd5
{[%clk 0:07:20]} 26. f3 {[%clk 0:06:52]} dxe4 {[%clk 0:07:24]} 27. Bc4
{[%clk 0:05:38]} Bxc4 {[%clk 0:06:35]} 28. Qxc4 {[%clk 0:06:02]} exf3
{[%clk 0:06:56]} 29. Qf1 {[%clk 0:05:08]} f2 {[%clk 0:06:24]} 0-1